书目信息 |
| 题名: |
多角度与热红外对地遥感
|
|
| 作者: | 李小文 著 | |
| 分册: | ||
| 出版信息: | 北京 科学出版社 2001.03 |
|
| 页数: | 214页 | |
| 开本: | 26cm | |
| 丛书名: | ||
| 单 册: | ||
| 中图分类: | TP722.5 | |
| 科图分类: | ||
| 主题词: | 遥感 | |
| 电子资源: | ||
| ISBN: | 7-03-009157-4 | |
| 000 | 00557nam0 2200193 45 | |
| 001 | 0258348568 | |
| 005 | 2002101416122856 | |
| 010 | @a7-03-009157-4@dRMB 30.00 | |
| 100 | @a20021014d2001 km y0chiy0120 ea | |
| 101 | 0 | @achi |
| 102 | @aCN@b110000 | |
| 200 | 1 | @a多角度与热红外对地遥感@Aduo jiao du yu re hong wai dui di yao gan@f李小文等著@Fli xiao wen deng zhu |
| 210 | @a北京@c科学出版社@d2001.03 | |
| 215 | @a214页@d26cm | |
| 606 | 0 | @a遥感 |
| 690 | @aTP722.5@v3 | |
| 701 | 0 | @a李小文@Ali xiao wen@4著 |
| 801 | 0 | @aCN@bPFT@c20021014 |
| 905 | @dTP722.5@eL290 | |
| 多角度与热红外对地遥感/李小文等著.-北京:科学出版社,2001.03 |
| 214页;26cm |
| ISBN 7-03-009157-4:RMB 30.00 |
| ● |
| 相关链接 |
|
|
|
正题名:多角度与热红外对地遥感
索取号:TP722.5/L290
 
预约/预借
| 序号 | 登录号 | 条形码 | 馆藏地/架位号 | 状态 | 备注 |
| 1 | 357261 | 203572614 | 自科二线404/404自科库 17排1列1层/ [索取号:TP722.5/L290] | 在馆 | |
| 2 | 357262 | 203572623 | 自科库301/301自科库 136排2列1层/ [索取号:TP722.5/L290] | 在馆 | |
| 3 | 357263 | 203572632 | 自科库301/301自科库 136排2列1层/ [索取号:TP722.5/L290] | 在馆 |